[Event "43. Olimpiada Batumi 2018 Femenina"]
[Site "Batumi GEO"]
[Date "2018.10.05"]
[Round "11.2"]
[White "Tjong Tjin Joe, Kaithlyn"]
[Black "Thornton, Filipina"]
[Result "0-1"]
[WhiteElo "1683"]
[BlackElo "1712"]
[PlyCount "80"]
[EventDate "2018.09.24"]
[EventType "team-swiss"]
[EventRounds "11"]
[EventCountry "GEO"]
[SourceTitle "Ajedrez en Madrid"]
[Source "lmi"]
[SourceDate "2018.09.24"]
[WhiteTeam "Surinam"]
[BlackTeam "Malta"]
[WhiteTeamCountry "SUR"]
[BlackTeamCountry "MLT"]

1. e4 c5 2. Nf3 e6 3. d4 cxd4 4. Nxd4 d6 5. Nc3 Nf6 6. Be3 Be7 7. f3 Nc6 8. Qd2
a6 9. O-O-O O-O 10. g4 Qa5 11. Nb3 Qc7 12. h4 Ne5 13. Qf2 b5 14. a3 Rb8 15. h5
Nc4 16. g5 Nxe3 17. Qxe3 Nd7 18. g6 h6 19. gxf7+ Rxf7 20. Kb1 Ne5 21. Nd2 b4
22. axb4 Rxb4 23. Rg1 Bg5 24. Rxg5 hxg5 25. Nb3 Nxf3 26. Be2 g4 27. Rf1 Qb6 28.
Qd3 Ne5 29. Qg3 Rxf1+ 30. Bxf1 Bb7 31. Qh4 Bxe4 32. Qe7 Rxb3 33. Qxe6+ Kh7 34.
Nxe4 Rxb2+ 35. Kc1 Rb1+ 36. Kd2 Qd4+ 37. Ke2 Qd1+ 38. Ke3 Qf3+ 39. Kd4 Rb4+ 40.
Kd5 Qxe4+ 0-1

[Event "43. Olimpiada Batumi 2018 Femenina"]
[Site "Batumi GEO"]
[Date "2018.10.05"]
[Round "11.3"]
[White "Farrugia, Jamie"]
[Black "Kaslan, Catherine"]
[Result "0-1"]
[WhiteElo "1582"]
[BlackElo "1735"]
[PlyCount "90"]
[EventDate "2018.09.24"]
[EventType "team-swiss"]
[EventRounds "11"]
[EventCountry "GEO"]
[SourceTitle "Ajedrez en Madrid"]
[Source "lmi"]
[SourceDate "2018.09.24"]
[WhiteTeam "Malta"]
[BlackTeam "Surinam"]
[WhiteTeamCountry "MLT"]
[BlackTeamCountry "SUR"]

1. e4 c5 2. c3 d5 3. exd5 Qxd5 4. d4 Nf6 5. Nf3 Bg4 6. Be2 Nc6 7. O-O e6 8. Bf4
Be7 9. h3 Bh5 10. Bh2 O-O 11. c4 Qd8 12. dxc5 Bxc5 13. Nc3 Qe7 14. Ne5 Nxe5 15.
Bxe5 Rfd8 16. Qc2 Bg6 17. Qa4 Ne4 18. Nxe4 Bxe4 19. Qa5 Qg5 20. Bg4 Qxe5 21.
Kh1 Bd6 22. Qxe5 Bxe5 23. Rae1 Bd3 24. Be2 Bxb2 25. Bxd3 Rxd3 26. Re2 Ba3 27.
Rc2 Rc8 28. Rb1 b6 29. g3 Rcd8 30. Rb3 Rxb3 31. axb3 Rd3 32. Kg2 Kf8 33. Kf1
Rxb3 34. Ra2 a5 35. Rc2 Ke7 36. Ke2 Rb2 37. Kd3 Rxc2 38. Kxc2 a4 39. f3 Kd6 40.
Kc3 Kc5 41. g4 Bb4+ 42. Kd3 a3 43. Kc2 Kxc4 44. h4 Bc3 45. Kb1 Kb3 0-1

[Event "43. Olimpiada Batumi 2018 Femenina"]
[Site "Batumi GEO"]
[Date "2018.10.05"]
[Round "11.4"]
[White "Kaslan, Alexandra"]
[Black "Stagno, Milena"]
[Result "1-0"]
[WhiteElo "1414"]
[BlackElo "1388"]
[PlyCount "63"]
[EventDate "2018.09.24"]
[EventType "team-swiss"]
[EventRounds "11"]
[EventCountry "GEO"]
[SourceTitle "Ajedrez en Madrid"]
[Source "lmi"]
[SourceDate "2018.09.24"]
[WhiteTeam "Surinam"]
[BlackTeam "Malta"]
[WhiteTeamCountry "SUR"]
[BlackTeamCountry "MLT"]

1. d4 d5 2. Nf3 Nf6 3. Bf4 e6 4. e3 Bd6 5. Bg3 O-O 6. Nbd2 b6 7. Bd3 Bb7 8. Ne5
Nbd7 9. Ndf3 Rc8 10. c3 c5 11. Nxf7 Rxf7 12. Bxd6 Nb8 13. Bf4 Nc6 14. Ng5 Re7
15. O-O e5 16. dxe5 Nxe5 17. Bf5 Rc6 18. e4 Rd6 19. Qb3 h6 20. Bxe5 Rxe5 21. f4
Re7 22. e5 hxg5 23. exd6 Qxd6 24. fxg5 Ne4 25. Bxe4 Rxe4 26. Rae1 Rg4 27. Re8+
Kh7 28. Qc2+ Re4 29. Rxe4 dxe4 30. Qe2 Qd5 31. Qh5+ Kg8 32. Rd1 1-0

[Event "43. Olimpiada Batumi 2018 Femenina"]
[Site "Batumi GEO"]
[Date "2018.10.05"]
[Round "11.1"]
[White "Agbazue, Precious"]
[Black "Johnson, Gabriella"]
[Result "0-1"]
[WhiteElo "1902"]
[BlackElo "1840"]
[PlyCount "92"]
[EventDate "2018.09.24"]
[EventType "team-swiss"]
[EventRounds "11"]
[EventCountry "GEO"]
[SourceTitle "Ajedrez en Madrid"]
[Source "lmi"]
[SourceDate "2018.09.24"]
[WhiteTeam "Nigeria"]
[BlackTeam "Trinidad & Tobago"]
[WhiteTeamCountry "NGR"]

1. e4 c5 2. Nf3 d6 3. Bb5+ Nc6 4. O-O Bd7 5. d3 g6 6. Nc3 Bg7 7. Be3 e5 8. Bc4
Nge7 9. Qd2 Nd4 10. Bxd4 cxd4 11. Nd5 b5 12. Bb3 a5 13. a3 O-O 14. h3 h6 15.
Nxe7+ Qxe7 16. Nh2 g5 17. Rac1 Kh7 18. c3 dxc3 19. Rxc3 f5 20. Rfc1 g4 21. exf5
gxh3 22. Rc7 Qd8 23. Be6 Bxe6 24. fxe6 Qf6 25. Qe3 hxg2 26. Qe4+ Kh8 27. Qxg2
Rg8 28. Rf7 Qg5 29. Rcc7 Rae8 30. Qxg5 hxg5 31. Nf3 Rxe6 32. Kf1 Rg6 33. Rb7 b4
34. axb4 axb4 35. Rxb4 Rf8 36. Rxf8+ Bxf8 37. Rb8 Kg7 38. b4 Be7 39. b5 Rf6 40.
Nxg5 d5 41. Ke2 Kg6 42. Nf3 Kf5 43. Rc8 Rb6 44. Nd2 Rxb5 45. Ke3 Bg5+ 46. Ke2
Rb2 0-1

[Event "43. Olimpiada Batumi 2018 Femenina"]
[Site "Batumi GEO"]
[Date "2018.10.05"]
[Round "11.2"]
[White "Yearwood, Shannon"]
[Black "Assa, Oluwaseun"]
[Result "1-0"]
[WhiteElo "1608"]
[BlackElo "1881"]
[PlyCount "107"]
[EventDate "2018.09.24"]
[EventType "team-swiss"]
[EventRounds "11"]
[EventCountry "GEO"]
[SourceTitle "Ajedrez en Madrid"]
[Source "lmi"]
[SourceDate "2018.09.24"]
[WhiteTeam "Trinidad & Tobago"]
[BlackTeam "Nigeria"]
[BlackTeamCountry "NGR"]

1. e4 e5 2. Nf3 d6 3. d4 Nc6 4. Bc4 Be7 5. dxe5 Nxe5 6. Nxe5 dxe5 7. Qh5 g6 8.
Qxe5 Nf6 9. Bh6 Qd6 10. Qxd6 cxd6 11. Nc3 Be6 12. Bb5+ Bd7 13. Bxd7+ Kxd7 14.
Rd1 Ke8 15. Bf4 Rd8 16. O-O a6 17. Rfe1 Kf8 18. Bh6+ Ke8 19. h3 Rd7 20. Rd3 Kd8
21. Red1 Kc7 22. Bg7 Rhd8 23. Bxf6 Bxf6 24. Nd5+ Kb8 25. Nxf6 Re7 26. Rxd6 Rxd6
27. Rxd6 Kc7 28. Rd4 Kc6 29. Nxh7 Kc5 30. Rd5+ Kc6 31. f3 f5 32. Ng5 fxe4 33.
fxe4 Rxe4 34. Nxe4 Kxd5 35. Nc3+ Kd4 36. Kf2 b5 37. a3 Kc4 38. Ke3 a5 39. g4 g5
40. Ne4 b4 41. axb4 axb4 42. Nxg5 Kd5 43. h4 Ke5 44. Ne4 Ke6 45. h5 Kf7 46. g5
Kg7 47. Nf6 Kh8 48. c4 bxc3 49. bxc3 Kg7 50. c4 Kf7 51. h6 Kg6 52. h7 Kg7 53.
c5 Kh8 54. c6 1-0

[Event "43. Olimpiada Batumi 2018 Femenina"]
[Site "Batumi GEO"]
[Date "2018.10.05"]
[Round "11.3"]
[White "Chukwuemeka-Ehirim, Chinyere"]
[Black "James, Shemilah"]
[Result "0-1"]
[WhiteElo "1871"]
[BlackElo "1535"]
[PlyCount "126"]
[EventDate "2018.09.24"]
[EventType "team-swiss"]
[EventRounds "11"]
[EventCountry "GEO"]
[SourceTitle "Ajedrez en Madrid"]
[Source "lmi"]
[SourceDate "2018.09.24"]
[WhiteTeam "Nigeria"]
[BlackTeam "Trinidad & Tobago"]
[WhiteTeamCountry "NGR"]

1. Nf3 d5 2. d4 e6 3. e3 f5 4. Be2 Nf6 5. c4 c6 6. Bd2 Bd6 7. c5 Bc7 8. O-O O-O
9. a3 Ne4 10. Nc3 Nd7 11. b4 a6 12. Rc1 Rf6 13. g3 Rh6 14. Re1 Qe8 15. Bf1 Ndf6
16. h3 Nd7 17. Rc2 Qg6 18. Bg2 Ndf6 19. Bc1 Qh5 20. Ne5 Qxd1 21. Rxd1 Nxc3 22.
Rxc3 Bxe5 23. dxe5 Ne4 24. Rcd3 Bd7 25. h4 a5 26. Bxe4 fxe4 27. Rd4 Rh5 28.
bxa5 Rxa5 29. Rb4 Bc8 30. Bb2 Rxc5 31. Bd4 Ra5 32. Bb2 Rf5 33. Kg2 Rf8 34. Ra1
Rc5 35. Bd4 Rc2 36. Rb2 Rfxf2+ 37. Kh3 Rxb2 38. a4 Ra2 39. a5 h5 40. Rxa2 Rxa2
41. Bb6 c5 42. Bxc5 Rxa5 43. Bb6 Rb5 44. Bd4 Rb1 45. Kg2 b5 46. Kf2 b4 47. Ke2
Ba6+ 48. Kd2 Rg1 49. Bc5 b3 50. Ba3 Rxg3 51. Bb2 Rh3 52. Ba3 Rxh4 53. Kc3 Rh3
54. Bc5 Bc4 55. Kb2 Rh2+ 56. Kc3 b2 57. Kd4 b1=Q 58. Be7 Rd2+ 59. Kc5 Qb5+ 60.
Kd6 Qb6+ 61. Kd7 Bb5+ 62. Kc8 Rc2+ 63. Bc5 Rxc5# 0-1

[Event "43. Olimpiada Batumi 2018 Femenina"]
[Site "Batumi GEO"]
[Date "2018.10.05"]
[Round "11.4"]
[White "Ali, Amy"]
[Black "Akintoye, Deborah"]
[Result "0-1"]
[WhiteElo "1446"]
[BlackElo "1853"]
[PlyCount "123"]
[EventDate "2018.09.24"]
[EventType "team-swiss"]
[EventRounds "11"]
[EventCountry "GEO"]
[SourceTitle "Ajedrez en Madrid"]
[Source "lmi"]
[SourceDate "2018.09.24"]
[WhiteTeam "Trinidad & Tobago"]
[BlackTeam "Nigeria"]
[BlackTeamCountry "NGR"]

1. d4 d5 2. Bf4 Nf6 3. e3 Bf5 4. Bd3 Bg6 5. Nf3 e6 6. O-O Bd6 7. Bg3 Ne4 8.
Nbd2 O-O 9. Bxe4 dxe4 10. Ne5 Bxe5 11. Bxe5 Nd7 12. h3 Nxe5 13. dxe5 Qd5 14.
Nb3 Qxe5 15. Qd4 Qg5 16. Qc5 Bf5 17. g4 h5 18. Qxc7 hxg4 19. Qg3 Qh5 20. hxg4
Bxg4 21. Qh2 Qg6 22. Qg3 Rad8 23. f3 exf3 24. Rf2 Rd5 25. Rh2 Rc8 26. c3 Rh5
27. Kf2 Qc2+ 28. Kg1 Rxh2 29. Qxh2 Qxh2+ 30. Kxh2 Rd8 31. Kg3 Bh5 32. Rh1 g6
33. Rh4 Rd5 34. Kf2 Rg5 35. Rh2 b6 36. Nd4 Kf8 37. e4 Ra5 38. a3 Re5 39. Ke3 f5
40. Kf4 Rxe4+ 41. Kg5 Kg7 42. Nxe6+ Rxe6 43. Rd2 Kf8 44. Rd4 Re2 45. Kf6 Ke8
46. b4 f2 47. Rf4 Rc2 48. c4 Rxc4 49. Rxf2 Rc6+ 50. Kg5 Kd7 51. Rd2+ Rd6 52.
Rc2 Rd3 53. b5 Rxa3 54. Rd2+ Ke6 55. Rc2 Rb3 56. Rc6+ Kd7 57. Rf6 Rxb5 58. Rf7+
Kc6 59. Rxa7 Rd5 60. Rf7 b5 61. Rf6+ Kc5 62. Rf8 0-1

[Event "43. Olimpiada Batumi 2018 Femenina"]
[Site "Batumi GEO"]
[Date "2018.10.05"]
[Round "11.1"]
[White "Girmay, Feven Gebremeskel"]
[Black "Figueroa, Julissa"]
[Result "0-1"]
[WhiteElo "1483"]
[BlackElo "1666"]
[PlyCount "96"]
[EventDate "2018.09.24"]
[EventType "team-swiss"]
[EventRounds "11"]
[EventCountry "GEO"]
[SourceTitle "Ajedrez en Madrid"]
[Source "lmi"]
[SourceDate "2018.09.24"]
[WhiteTeam "Ethiopia"]
[BlackTeam "Barbados"]
[WhiteTeamCountry "ETH"]
[BlackTeamCountry "BAR"]

1. d4 d5 2. Nf3 e6 3. Bf4 Bd6 4. Bxd6 Qxd6 5. e3 Nf6 6. Bd3 O-O 7. O-O c5 8. c4
Nc6 9. cxd5 exd5 10. dxc5 Qxc5 11. Nc3 Bg4 12. Be2 Rad8 13. Rc1 Qb4 14. b3 Bxf3
15. Bxf3 d4 16. exd4 Nxd4 17. Be4 Nb5 18. Bxh7+ Nxh7 19. Qf3 Nxc3 20. Qxc3 Qxc3
21. Rxc3 Rd2 22. a4 Rfd8 23. h3 Nf6 24. Rc7 R8d7 25. Rfc1 Rd1+ 26. Rxd1 Rxd1+
27. Kh2 Rd7 28. Rc4 Nd5 29. a5 Nc7 30. b4 a6 31. g4 Kh7 32. f4 Nb5 33. Kg3 Rd3+
34. Kh4 Rd4 35. Rxd4 Nxd4 36. f5 Nc6 37. g5 Nxb4 38. Kg3 Nc6 39. Kf4 Nxa5 40.
Ke4 b5 41. Kd3 Nc6 42. h4 a5 43. Kc3 a4 44. Kb2 b4 45. h5 Nd4 46. g6+ fxg6 47.
fxg6+ Kh6 48. Ka2 Kxh5 0-1

[Event "43. Olimpiada Batumi 2018 Femenina"]
[Site "Batumi GEO"]
[Date "2018.10.05"]
[Round "11.2"]
[White "Blackman, Katrina"]
[Black "Haile, Lidet Abate"]
[Result "0-1"]
[WhiteElo "1755"]
[BlackElo "1544"]
[PlyCount "110"]
[EventDate "2018.09.24"]
[EventType "team-swiss"]
[EventRounds "11"]
[EventCountry "GEO"]
[SourceTitle "Ajedrez en Madrid"]
[Source "lmi"]
[SourceDate "2018.09.24"]
[WhiteTeam "Barbados"]
[BlackTeam "Ethiopia"]
[WhiteTeamCountry "BAR"]
[BlackTeamCountry "ETH"]

1. d4 d5 2. Bf4 Nf6 3. Nf3 e6 4. e3 Be7 5. h3 h6 6. Bd3 Nbd7 7. c4 O-O 8. O-O
b6 9. Nc3 c6 10. Rc1 Re8 11. Bh2 Bb7 12. cxd5 exd5 13. a3 Nf8 14. Re1 Bd6 15.
Bxd6 Qxd6 16. Re2 N8d7 17. Rec2 Rac8 18. b4 a6 19. Na4 b5 20. Nc5 Nxc5 21. Rxc5
Nd7 22. R5c3 Nb6 23. Bb1 Nc4 24. Nd2 Qf6 25. Nb3 Rcd8 26. Nc5 Bc8 27. a4 Qg5
28. Kh2 Qh4 29. Qc2 g6 30. a5 Rd6 31. Nd3 Bf5 32. Qa2 Qh5 33. g4 Bxg4 34. Nf4
Qh4 35. Rg1 h5 36. Rg3 Bc8 37. Qe2 Bg4 38. f3 Bd7 39. Ng2 Qe7 40. f4 Qf6 41.
Rc1 Na3 42. Bd3 Nc4 43. Rg1 Bf5 44. Ne1 Kh7 45. Rg5 Rxe3 46. Rxh5+ Kg7 47. Qf1
Be4 48. Rhg5 Nd2 49. Qf2 Rxe1 50. Qxd2 Rxg1 51. Rxg1 Qxd4 52. Rg3 Re6 53. Qc2
Bxd3 54. Qxd3 Qxf4 55. Qc3+ Rf6 0-1

[Event "43. Olimpiada Batumi 2018 Femenina"]
[Site "Batumi GEO"]
[Date "2018.10.05"]
[Round "11.3"]
[White "Eshete, Ruth Leykun"]
[Black "Cumberbatch, Gabriela"]
[Result "0-1"]
[WhiteElo "1508"]
[BlackElo "1402"]
[PlyCount "80"]
[EventDate "2018.09.24"]
[EventType "team-swiss"]
[EventRounds "11"]
[EventCountry "GEO"]
[SourceTitle "Ajedrez en Madrid"]
[Source "lmi"]
[SourceDate "2018.09.24"]
[WhiteTeam "Ethiopia"]
[BlackTeam "Barbados"]
[WhiteTeamCountry "ETH"]
[BlackTeamCountry "BAR"]

1. c4 g6 2. e3 Bg7 3. Nf3 c5 4. d4 Nf6 5. Be2 O-O 6. O-O Nc6 7. Nc3 d5 8. dxc5
dxc4 9. Bxc4 Qa5 10. Bd2 Qxc5 11. b3 Rd8 12. Rc1 Qd6 13. h3 Bf5 14. Be2 e5 15.
Be1 Qe7 16. Nd2 Nb4 17. f3 Bd3 18. Bxd3 Rxd3 19. a3 Nbd5 20. Nxd5 Nxd5 21. Qe2
Rxe3 22. Qc4 Nf4 23. Bf2 Qg5 24. g3 Nxh3+ 25. Kg2 Nf4+ 26. Kh1 Qh5+ 27. Kg1
Nh3+ 28. Kg2 Nxf2 29. Kxf2 Bh6 30. Rh1 Qg5 31. Ne4 Qf5 32. Nd2 Rd8 33. Rxh6 Qg5
34. Qh4 Rxd2+ 35. Kg1 Qxh4 36. Rxh4 Rxb3 37. a4 Rxf3 38. Rb4 Rxg3+ 39. Kh1 Rd4
40. Rxb7 Rh4# 0-1

[Event "43. Olimpiada Batumi 2018 Femenina"]
[Site "Batumi GEO"]
[Date "2018.10.05"]
[Round "11.4"]
[White "Murray, Donna"]
[Black "Bantiwalu, Aster Melake"]
[Result "1-0"]
[WhiteElo "1318"]
[BlackElo "1365"]
[PlyCount "143"]
[EventDate "2018.09.24"]
[EventType "team-swiss"]
[EventRounds "11"]
[EventCountry "GEO"]
[SourceTitle "Ajedrez en Madrid"]
[Source "lmi"]
[SourceDate "2018.09.24"]
[WhiteTeam "Barbados"]
[BlackTeam "Ethiopia"]
[WhiteTeamCountry "BAR"]
[BlackTeamCountry "ETH"]

1. d4 d5 2. c4 c6 3. e3 Bf5 4. Nc3 Nf6 5. Nf3 e6 6. Bd3 Bg4 7. h3 Bh5 8. Be2
Bb4 9. a3 Be7 10. O-O O-O 11. Qb3 Qc7 12. Bd2 Nbd7 13. Rac1 Nb6 14. cxd5 exd5
15. Qc2 Bg6 16. Bd3 Bxd3 17. Qxd3 Nc4 18. Qc2 Qd6 19. Nb1 Ne4 20. Bb4 Qf6 21.
Bxe7 Qxe7 22. a4 Qf6 23. b3 Ncd6 24. Nc3 Rfe8 25. Nxe4 Nxe4 26. b4 a6 27. a5
Qe7 28. Qb1 Qe6 29. Qd3 f6 30. Nd2 Nxd2 31. Qxd2 Qe4 32. Qc2 Qxc2 33. Rxc2 Re6
34. Rfc1 h6 35. g4 Kh7 36. Kg2 Kg6 37. Kg3 Rf8 38. h4 f5 39. h5+ Kh7 40. gxf5
Rxf5 41. Rh1 Rg5+ 42. Kf3 Rf6+ 43. Ke2 Rg2 44. Kf1 Rg5 45. Re2 Rg4 46. f4 g6
47. hxg6+ Rgxg6 48. Reh2 Rg8 49. Ke2 Rfg6 50. Kd3 Rf8 51. Rh5 Rff6 52. Re5 Rg7
53. Reh5 Rg3 54. Re5 Rg7 55. Rg5 Rxg5 56. fxg5 Rg6 57. gxh6 Rxh6 58. Rxh6+ Kxh6
59. e4 Kg6 60. Ke3 dxe4 61. Kxe4 Kf6 62. d5 Ke7 63. dxc6 bxc6 64. Ke5 Kd7 65.
Kd4 Kd6 66. Kc4 Kd7 67. Kc5 Kc7 68. Kd4 Kd6 69. Kc4 Kd7 70. Kd3 Kd6 71. Kd4 Kc7
72. Kc5 1-0

[Event "43. Olimpiada Batumi 2018 Femenina"]
[Site "Batumi GEO"]
[Date "2018.10.05"]
[Round "11.1"]
[White "Anandpara, Jayendra Saloni"]
[Black "Marzouk, Amira"]
[Result "1/2-1/2"]
[WhiteElo "1326"]
[BlackElo "1745"]
[PlyCount "121"]
[EventDate "2018.09.24"]
[EventType "team-swiss"]
[EventRounds "11"]
[EventCountry "GEO"]
[SourceTitle "Ajedrez en Madrid"]
[Source "lmi"]
[SourceDate "2018.09.24"]
[WhiteTeam "Hong Kong"]
[BlackTeam "Tunisia"]
[WhiteTeamCountry "HKG"]
[BlackTeamCountry "TUN"]

1. e4 c5 2. c3 Nf6 3. e5 Nd5 4. d4 cxd4 5. Nf3 e6 6. cxd4 Nc6 7. Nc3 Nxc3 8.
bxc3 d6 9. exd6 Bxd6 10. Bc4 Qc7 11. Bb3 O-O 12. O-O b6 13. Re1 Na5 14. Qd3 h6
15. Bc2 f5 16. Ne5 Nc6 17. Qg3 Rf6 18. f4 Ne7 19. Bd1 Bxe5 20. fxe5 Rg6 21. Qd3
Bb7 22. Bf3 Bxf3 23. Qxf3 Rc8 24. Bd2 Nd5 25. Rac1 b5 26. Rf1 Qc4 27. a3 Rc6
28. h3 Rc8 29. Kh2 a6 30. Qh5 Kh7 31. Qf3 Rc6 32. Ra1 Qb3 33. Qd3 Qc4 34. Qf3
a5 35. Kh1 Rc7 36. Qd1 Rg3 37. Rf3 Rxf3 38. Qxf3 Nxc3 39. Rc1 b4 40. axb4 axb4
41. Qe3 Qb3 42. Kh2 Qb2 43. Qe1 Rc4 44. d5 exd5 45. Bxc3 bxc3 46. e6 Re4 47.
Qxc3 Qxc3 48. Rxc3 Rxe6 49. Rc5 Re5 50. Kg3 Kg6 51. Rc6+ Kg5 52. h4+ Kh5 53.
Kf4 Re4+ 54. Kxf5 Rxh4 55. Rg6 Rh1 56. Rxg7 Rf1+ 57. Ke5 Rd1 58. Kf5 Rd4 59.
g4+ Kh4 60. Rh7 Kg3 61. Rxh6 1/2-1/2

[Event "43. Olimpiada Batumi 2018 Femenina"]
[Site "Batumi GEO"]
[Date "2018.10.05"]
[Round "11.2"]
[White "Miladi, Amen"]
[Black "Leung, Hoi Ting"]
[Result "1-0"]
[WhiteElo "1702"]
[BlackElo "1284"]
[PlyCount "127"]
[EventDate "2018.09.24"]
[EventType "team-swiss"]
[EventRounds "11"]
[EventCountry "GEO"]
[SourceTitle "Ajedrez en Madrid"]
[Source "lmi"]
[SourceDate "2018.09.24"]
[WhiteTeam "Tunisia"]
[BlackTeam "Hong Kong"]
[WhiteTeamCountry "TUN"]
[BlackTeamCountry "HKG"]

1. e4 c5 2. Nf3 d6 3. d4 cxd4 4. Qxd4 e5 5. Qd1 Nf6 6. Nc3 Be6 7. Bg5 Be7 8.
Bxf6 Bxf6 9. Nd2 Nc6 10. Nc4 Bxc4 11. Bxc4 O-O 12. O-O a6 13. Nd5 Nd4 14. c3
Nc6 15. Qd3 Be7 16. Rad1 Bg5 17. a4 Rc8 18. Ba2 Rb8 19. b4 b5 20. Rb1 Qd7 21.
axb5 axb5 22. c4 Ne7 23. c5 dxc5 24. Nf6+ Bxf6 25. Qxd7 Rfd8 26. Qh3 c4 27.
Rfd1 Rdc8 28. Rbc1 Nc6 29. Bxc4 bxc4 30. Rxc4 Rd8 31. Rdc1 Ne7 32. g3 h6 33.
Qf1 Rd2 34. Rd1 Rb2 35. Rb1 Rd2 36. b5 Rd7 37. Qe1 Rdb7 38. Qa5 Nc8 39. Qc3 Nd6
40. Rcb4 Rxb5 41. Rxb5 Rxb5 42. Rxb5 Nxb5 43. Qc8+ Kh7 44. f4 Nd4 45. f5 Bg5
46. Kf2 f6 47. h4 Bd2 48. g4 Bf4 49. Qc3 Kg8 50. Ke1 Kh7 51. Kd1 Kg8 52. Qc4+
Kh7 53. Qf7 Kh8 54. Qf8+ Kh7 55. Qe8 Nf3 56. g5 fxg5 57. Qg6+ Kh8 58. f6 gxf6
59. Qxh6+ Kg8 60. Qg6+ Kh8 61. Qxf6+ Kh7 62. h5 Nd2 63. Qg6+ Kh8 64. h6 1-0

[Event "43. Olimpiada Batumi 2018 Femenina"]
[Site "Batumi GEO"]
[Date "2018.10.05"]
[Round "11.3"]
[White "Lam, Ka Yan"]
[Black "Chihi, Malek"]
[Result "0-1"]
[WhiteElo "1182"]
[BlackElo "1573"]
[PlyCount "108"]
[EventDate "2018.09.24"]
[EventType "team-swiss"]
[EventRounds "11"]
[EventCountry "GEO"]
[SourceTitle "Ajedrez en Madrid"]
[Source "lmi"]
[SourceDate "2018.09.24"]
[WhiteTeam "Hong Kong"]
[BlackTeam "Tunisia"]
[WhiteTeamCountry "HKG"]
[BlackTeamCountry "TUN"]

1. Nf3 Nf6 2. g3 d5 3. Bg2 Bf5 4. Nh4 Bg6 5. Na3 e6 6. c3 c5 7. d3 Nc6 8. Qa4
a6 9. Nxg6 hxg6 10. c4 Qd7 11. Nc2 Rc8 12. Bd2 Be7 13. Rb1 O-O 14. Bg5 Rb8 15.
cxd5 Nxd5 16. Bxe7 Qxe7 17. O-O Qd6 18. Rbc1 Nce7 19. Ne3 Nxe3 20. fxe3 Nf5 21.
Rf3 Qe5 22. Rc2 Nxe3 23. Rd2 Nxg2 24. Kxg2 Rfc8 25. b3 Qc3 26. Rd1 Qe5 27. Re1
Rc6 28. Qc4 b5 29. Qc2 Qd6 30. Ref1 Rb7 31. Rc1 Qe5 32. e4 Rcc7 33. Qf2 c4 34.
dxc4 bxc4 35. bxc4 Qxe4 36. Rd1 Rb8 37. Rd4 Qb1 38. Rfd3 Qb7+ 39. Rd5 exd5 40.
cxd5 Rd7 41. Qd4 Qb2+ 42. Qxb2 Rxb2+ 43. Kf3 Rxa2 44. h4 Kf8 45. Ke3 a5 46. Kd4
Rb2 47. Kc5 a4 48. Kc6 Ke8 49. d6 Rc2+ 50. Kb5 Rb7+ 51. Ka6 Rb3 52. Rd1 a3 53.
g4 a2 54. Ka5 Rb1 0-1

[Event "43. Olimpiada Batumi 2018 Femenina"]
[Site "Batumi GEO"]
[Date "2018.10.05"]
[Round "11.4"]
[White "Hilali, Wissal"]
[Black "Li, Joy Ching"]
[Result "1-0"]
[WhiteElo "1419"]
[BlackElo "1137"]
[PlyCount "83"]
[EventDate "2018.09.24"]
[EventType "team-swiss"]
[EventRounds "11"]
[EventCountry "GEO"]
[SourceTitle "Ajedrez en Madrid"]
[Source "lmi"]
[SourceDate "2018.09.24"]
[WhiteTeam "Tunisia"]
[BlackTeam "Hong Kong"]
[WhiteTeamCountry "TUN"]
[BlackTeamCountry "HKG"]

1. d4 Nf6 2. Bf4 g6 3. e3 Bg7 4. Nf3 d6 5. h3 b6 6. c4 Nbd7 7. Nc3 Bb7 8. Be2
c5 9. d5 h6 10. Qc2 a6 11. a4 Nf8 12. Rd1 N8d7 13. O-O O-O 14. e4 Qc7 15. Qd2
Kh7 16. Rfe1 Rad8 17. Bf1 Ne5 18. Nxe5 dxe5 19. Bh2 Rfe8 20. f4 exf4 21. Bxf4
e5 22. Bh2 Qd6 23. Re3 h5 24. Qf2 Re7 25. Rf3 Rf8 26. Be2 Rd7 27. Rf1 Ne8 28.
Qh4 Kg8 29. g4 hxg4 30. hxg4 Qe7 31. g5 f6 32. Rh3 Kf7 33. Bg4 Rd6 34. Be6+
Rxe6 35. dxe6+ Qxe6 36. Rhf3 Ke7 37. Qh7 Qf7 38. Qh3 Qxc4 39. gxf6+ Nxf6 40.
Bxe5 Bc8 41. Qh4 Qe6 42. Nd5+ 1-0

[Event "43. Olimpiada Batumi 2018 Femenina"]
[Site "Batumi GEO"]
[Date "2018.10.05"]
[Round "11.1"]
[White "Varona-Thomas, Maria"]
[Black "Shih, Ching-An"]
[Result "1-0"]
[WhiteElo "1739"]
[BlackElo "1546"]
[PlyCount "45"]
[EventDate "2018.09.24"]
[EventType "team-swiss"]
[EventRounds "11"]
[EventCountry "GEO"]
[SourceTitle "Ajedrez en Madrid"]
[Source "lmi"]
[SourceDate "2018.09.24"]
[WhiteTeam "Guyana"]
[BlackTeam "Chinese Taipei"]
[WhiteTeamCountry "GUY"]

1. d4 e6 2. Nf3 Nf6 3. e3 c5 4. Bd3 d5 5. c3 Nc6 6. O-O Bd6 7. Nbd2 O-O 8. e4
cxd4 9. cxd4 dxe4 10. Nxe4 Be7 11. Be3 h6 12. Rc1 Nb4 13. Nxf6+ Bxf6 14. Bb1
Nd5 15. Qd3 Re8 16. Qh7+ Kf8 17. Ne5 Bxe5 18. dxe5 Nxe3 19. fxe3 Ke7 20. Qxg7
Rf8 21. Bg6 Qe8 22. Qf6+ Kd7 23. Rfd1# 1-0

[Event "43. Olimpiada Batumi 2018 Femenina"]
[Site "Batumi GEO"]
[Date "2018.10.05"]
[Round "11.2"]
[White "Wong, Linda Jane"]
[Black "Ali, Sheriffa"]
[Result "1/2-1/2"]
[WhiteElo "1378"]
[BlackElo "1365"]
[PlyCount "54"]
[EventDate "2018.09.24"]
[EventType "team-swiss"]
[EventRounds "11"]
[EventCountry "GEO"]
[SourceTitle "Ajedrez en Madrid"]
[Source "lmi"]
[SourceDate "2018.09.24"]
[WhiteTeam "Chinese Taipei"]
[BlackTeam "Guyana"]
[BlackTeamCountry "GUY"]

1. d4 d5 2. e3 Nf6 3. f4 Bf5 4. Bd3 Be4 5. Nf3 e6 6. O-O Bd6 7. Nc3 h6 8. Nb5
O-O 9. c4 c6 10. Nxd6 Qxd6 11. a4 Na6 12. c5 Qc7 13. Bxa6 bxa6 14. Ne5 Nd7 15.
Qe2 Nxe5 16. fxe5 Rab8 17. Ra3 Rb4 18. Qxa6 Rc4 19. Rc3 Rxc3 20. bxc3 Rb8 21.
Ba3 Rb3 22. Bb4 Rb2 23. Rf2 Rb1+ 24. Rf1 Rb2 25. Rf2 Rb1+ 26. Rf1 Rb2 27. Rf2
Rb1+ 1/2-1/2

[Event "43. Olimpiada Batumi 2018 Femenina"]
[Site "Batumi GEO"]
[Date "2018.10.05"]
[Round "11.3"]
[White "Johnson, Nellisha"]
[Black "Wang, Mi"]
[Result "0-1"]
[WhiteElo "1123"]
[BlackElo "1585"]
[PlyCount "118"]
[EventDate "2018.09.24"]
[EventType "team-swiss"]
[EventRounds "11"]
[EventCountry "GEO"]
[SourceTitle "Ajedrez en Madrid"]
[Source "lmi"]
[SourceDate "2018.09.24"]
[WhiteTeam "Guyana"]
[BlackTeam "Chinese Taipei"]
[WhiteTeamCountry "GUY"]

1. e4 c5 2. Nc3 d6 3. h3 Nf6 4. d3 e6 5. Bg5 Be7 6. f4 Nbd7 7. Qf3 h6 8. Bh4
O-O 9. O-O-O a6 10. a4 Nh7 11. Be1 Qc7 12. g4 Nb6 13. Bd2 Bf6 14. Nge2 Bd7 15.
Rg1 Nxa4 16. Nxa4 Bxa4 17. Nc3 Bxc3 18. Bxc3 Bc6 19. g5 hxg5 20. fxg5 d5 21.
Qg3 Qxg3 22. Rxg3 dxe4 23. Bg2 g6 24. Bxe4 Bxe4 25. dxe4 Rad8 26. Ba5 Rxd1+ 27.
Kxd1 b5 28. h4 b4 29. b3 Rc8 30. c4 Nf8 31. Rd3 Kg7 32. Bb6 f6 33. Ke2 Kf7 34.
Kf3 fxg5 35. hxg5 Ke7 36. e5 Nd7 37. Ke4 Nxb6 38. Rh3 Rf8 39. Rh7+ Rf7 40. Rh8
Nd7 41. Rc8 Rf5 42. Rg8 Nxe5 43. Rg7+ Kd6 44. Ra7 Rxg5 45. Rxa6+ Nc6 46. Ra1 e5
47. Rf1 Rg4+ 48. Ke3 Rf4 49. Rg1 Ne7 50. Rg5 Ke6 51. Rg2 Kf5 52. Rd2 g5 53. Rd7
Ng6 54. Rc7 g4 55. Kd3 Rf3+ 56. Kc2 Ke4 57. Rxc5 g3 58. Rd5 g2 59. Rd1 Rf1 0-1